000 00406nam a22001697a 4500
005 20180319123918.0
008 160523b xxu||||| |||| 00| 0 eng d
020 _a81-219-0374-2
041 _aeng
082 _b4167
_a338.5
100 _aAhuja / H.L.
_91003
245 _aModern Micro economics
260 _aNew Delhi
_bAcademic Faundation
300 _a832
650 _aManagement
_9241
942 _cBK
999 _c1403
_d1403